Pokémon Trivia #3 - Statistics

General Stats
  • This quiz has been taken 27 times
  • The average score is 11 of 15
Answer Stats
Question Answer % Correct
Dragon Type has the Highest average BST (Base Stat Total) of all types. Which type has the lowest average BST? Bug
96%
Which of these items does not help in evolving certain kinds of Pokémon? Everstone
96%
What is unique about the move Psychic type move Psyshock? Its a special move that uses the foes defense stat to calculate damage
83%
What is the worst ability one of your Pokémon could have? Truant
83%
Shedinja is well-known for its ability. What ability does it have? Wonder Guard
83%
How many Pokémon types are there? 18
78%
How many Pokémon champions the player fights in the games to date (SW/SH) have been female? 3
78%
Serene Grace is considered to be one of the best abilities in the game. What does it do? Doubles chance of secondary effects of moves occurring
70%
Which of these Pokémon is not considered a Pseudo-Legendary? Flygon
70%
Which of these type combinations is not currently used? Rock/Ghost
70%
All of these moves have a variable power level except for which one? Draco Meteor
65%
What does the move Heal Bell do? Heals the user and allied party members of status
65%
What Pokémon generation introduced reusable TMs? Gen 5
61%
What is the Pokémon with the highest Base Stat Total, excluding Mega forms? Arceus
57%
How many HMs (Hidden Machines) have their been in the Pokémon games total? 11
13%
No matching quizzes found
Score Distribution
Percent of People with Each Score
Percentile by Number Answered
Your Score History
You have not taken this quiz